Обзор способов очистки вод металлургической отрасли; Экология и безопасность в техносфере: современные проблемы и пути решения; Т. 1
| Parent link: | Экология и безопасность в техносфере: современные проблемы и пути решения: сборник трудов Всероссийской научно-практической конференции молодых ученых, аспирантов и студентов, Юрга, 5-6 ноября 2015 г./ Национальный исследовательский Томский политехнический университет (ТПУ), Юргинский технологический институт (ЮТИ) ; под ред. Д. А. Чинахова.— , 2015 Т. 1.— 2015.— [С. 71-74] |
|---|---|
| Autore principale: | |
| Ente Autore: | |
| Altri autori: | |
| Riassunto: | Заглавие с титульного экрана |
| Lingua: | russo |
| Pubblicazione: |
2015
|
| Serie: | Экологическая и техногенная безопасность |
| Soggetti: | |
| Accesso online: | http://earchive.tpu.ru/handle/11683/15245 http://www.lib.tpu.ru/fulltext/c/2015/C52/V1/021.pdf |
| Natura: | MixedMaterials Elettronico Capitolo di libro |
| KOHA link: | https://koha.lib.tpu.ru/cgi-bin/koha/opac-detail.pl?biblionumber=616920 |
MARC
| LEADER | 00000naa2a2200000 4500 | ||
|---|---|---|---|
| 001 | 616920 | ||
| 005 | 20231102023635.0 | ||
| 035 | |a (RuTPU)RU\TPU\conf\15176 | ||
| 035 | |a RU\TPU\conf\15172 | ||
| 090 | |a 616920 | ||
| 100 | |a 20160127d2015 k y0rusy50 ca | ||
| 101 | 0 | |a rus |e rus | |
| 102 | |a RU | ||
| 105 | |a y z 101zy | ||
| 135 | |a drgn ---uucaa | ||
| 181 | 0 | |a i | |
| 182 | 0 | |a b | |
| 200 | 1 | |a Обзор способов очистки вод металлургической отрасли |f Ю. Р. Петькова, Е. А. Будник | |
| 203 | |a Текст |c электронный | ||
| 225 | 1 | |a Экологическая и техногенная безопасность | |
| 230 | |a 1 компьютерный файл (pdf; 255 Kb) | ||
| 300 | |a Заглавие с титульного экрана | ||
| 320 | |a [Библиогр.: с. 73-74 (7 назв.)] | ||
| 337 | |a Adobe Reader | ||
| 461 | 1 | |0 (RuTPU)RU\TPU\conf\14041 |t Экология и безопасность в техносфере: современные проблемы и пути решения |o сборник трудов Всероссийской научно-практической конференции молодых ученых, аспирантов и студентов, Юрга, 5-6 ноября 2015 г. |o в 2 т. |f Национальный исследовательский Томский политехнический университет (ТПУ), Юргинский технологический институт (ЮТИ) ; под ред. Д. А. Чинахова |d 2015 | |
| 463 | 0 | |0 (RuTPU)RU\TPU\conf\14042 |t Т. 1 |v [С. 71-74] |d 2015 | |
| 610 | 1 | |a труды учёных ТПУ | |
| 610 | 1 | |a электронный ресурс | |
| 610 | 1 | |a обзоры | |
| 610 | 1 | |a способы | |
| 610 | 1 | |a вода | |
| 610 | 1 | |a металлургическая отрасль | |
| 610 | 1 | |a сточные воды | |
| 610 | 1 | |a очистка | |
| 700 | 1 | |a Петькова |b Ю. Р. |c специалист в области экологии и безопасности жизнедеятельности |c ассистент Юргинского технологического института (филиала) Томского политехнического университета |f 1989- |g Юлия Романовна |2 stltpush |3 (RuTPU)RU\TPU\pers\33462 |9 17142 | |
| 701 | 1 | |a Будник |b Е. А. | |
| 712 | 0 | 2 | |a Национальный исследовательский Томский политехнический университет (ТПУ) |b Юргинский технологический институт (филиал) (ЮТИ) |b Кафедра безопасности жизнедеятельности, экологии и физического воспитания (БЖДЭФВ) |h 2240 |2 stltpush |3 (RuTPU)RU\TPU\col\18930 |
| 801 | 2 | |a RU |b 63413507 |c 20210211 |g RCR | |
| 856 | 4 | |u http://earchive.tpu.ru/handle/11683/15245 | |
| 856 | 4 | |u http://www.lib.tpu.ru/fulltext/c/2015/C52/V1/021.pdf | |
| 942 | |c BK | ||